000 00854nas a2200253 4500
001 BR2012008296
003 BR-BrBNA
005 20231205121359.0
007 ta
008 230509b bl.|||p| |||| 00| 00por d
040 _aBR-BrBNA
_bpor
_cBiblioteca Nacional de Agricultura
041 _a(Pt)
072 _aE70; E12
100 1 _aGarcia, R.
245 1 _aUma análise dos processos recentes de desconcentração regional nas indústrias têxtil e de calçados e a importância dos sistemas locais de produção
650 _aINDÚSTRIA TÊXTIL
650 _aCOURO
650 _aSISTEMA DE PRODUÇÃO
650 _aEMPREGO
650 _aEXPORTAÇÃO
773 0 _tRevista Econômica do Nordeste (Brazil)
_xISSN 0100-4956
_g(Jan-Mar 2010), v. 41(1) p. 97-113
_wBR2012008296
909 _a202311
_bLúcia
_c55
_dLúcia Elande
942 _2AGRIS
_n0
_cANA
999 _c223265
_d223265